Loco - Melendi - Estadísticas

Estadísticas generales
  • Esta prueba ha sido intentada 67 veces
  • La puntuación promedio es 207 de 246
Estadísticas de respuestas
Letra Respuesta % Correcto
a
100%
de
100%
lo
100%
que
100%
Inicio Y
100%
y
100%
borracho
98%
en
98%
loco
98%
Loco
98%
(Loco)
98%
(loco)
98%
mi
98%
ti
98%
enamorado
95%
me
95%
al
93%
mis
93%
No
93%
no
93%
perdido
93%
si
93%
Si
93%
tan
93%
Tan
93%
tu
93%
ha
90%
la
90%
las
90%
los
90%
se
90%
vuelvo
90%
corazones
88%
del
88%
más
88%
pie
88%
Sol
88%
estar
86%
estoy
86%
hacen
86%
soledad
86%
vicios
86%
yo
86%
aquel
83%
atar
83%
chaqué
83%
cuneta
83%
entiendo
83%
quita
83%
sus
83%
tipo
83%
Tirado
83%
visto
83%
alguna
81%
cuando
81%
has
81%
principios
81%
Dibujo
79%
meta
79%
pulmones
79%
voz
79%
cristales
76%
sin
76%
aire
74%
aliento
74%
completamente
71%
después
71%
echar
71%
niño
71%
respirar
71%
vida
71%
andar
69%
direcciones
69%
lejos
69%
olvidaste
69%
sigo
69%
ya
69%
otras
67%
pa
67%
atras
64%
camino
64%
cariño
64%
mar
64%
pared
64%
quitas
64%
razon
64%
reves
64%
alcohol
60%
cara
60%
con
60%
por
60%
pronto
60%
quedó
60%
roto
60%
saliva
60%
vas
60%
viva
60%
volver
60%
ataba
57%
carne
57%
cuerda
57%
(cuerda)
57%
llenan
57%
mirar
57%
solo
57%
tires
57%
cabeza
55%
curame
55%
saber
55%
sentimientos
52%
castigados
48%
están
48%
piel
45%
oh
43%
torturando
38%
Uoh
29%
No se encontraron pruebas coincidentes
Distribución de puntuación
Porcentaje de gente con cada puntuación
Porcentaje por número respondido
Historial de tus puntuaciones
No has intentado esta prueba.